Pays membre de l’UE (mort subite) - Statistiques

Statistiques générales
  • Ce quiz a été pris 177 fois
  • Le résultat moyen est 12 sur 27
Answers on the Grid
Answers color-coded by a green-red scale on the quiz's grid according to % correct below.
Finlande
Bulgarie
Royaume-Uni
Lettonie
Espagne
Danemark
Norvège
Suisse
Tchéquie
Moldavie
Estonie
Ukraine
Monaco
Roumanie
Autriche
Biélorussie
Italie
Monténégro
Vatican
Lituanie
Géorgie
Slovaquie
Portugal
Grèce
Andorre
Serbie
Russie
Irlande
Slovénie
Bosnie
Chypre
Pays-Bas
Liechtenstein
Albanie
Luxembourg
Malte
Kosovo
Hongrie
Croatie
Macédoine du Nord
France
Saint-Marin
Turquie
Suède
Islande
Allemagne
Belgique
Pologne
 
Statistiques - réponses
Réponse % Correct
Espagne
84%
Italie
67%
Danemark
66%
France
60%
Finlande
57%
Allemagne
51%
Pays-Bas
51%
Portugal
51%
Belgique
49%
Autriche
43%
Grèce
43%
Lettonie
43%
Luxembourg
43%
Bulgarie
42%
Pologne
41%
Roumanie
41%
Tchéquie
39%
Estonie
36%
Hongrie
35%
Irlande
34%
Slovaquie
33%
Slovénie
33%
Croatie
31%
Lituanie
29%
Suède
28%
Malte
27%
Chypre
24%
Aucun quiz correspondant
Distribution des résultats
% des personnes avec chaque résultat
Percentile par nombre de réponses
Votre historique - résultats
Vous n’avez pas pris ce quiz